Largest Theropod Dinosaurs - Statistics

General Stats
  • This quiz has been taken 105 times
  • The average score is 8 of 15
Answer Stats
Estimated Size Answer % Correct
5.4-8.0 tons Tyrannosaurus rex
100%
6.6 tons Giganotosaurus carolinii
93%
7.4 tons Spinosaurus aegyptiacus
91%
5.0-7.0 tons Carcharodontosaurus saharicus
77%
3.0-6.0 tons Mapusaurus roseae
62%
4.4-6.6 tons Acrocanthosaurus atokensis
57%
4.5-5.0 tons Tarbosaurus bataar
57%
4.8-7.0 tons Tyrannotitan chubutensis
48%
5.0 tons Therizinosaurus cheloniformis
42%
6.5 tons Deinocheirus mirificus
36%
4.0-5.0 tons Torvosaurus gurneyi
30%
5.0 tons Zhuchengtyrannus magnus
23%
5.0-7.0 tons Oxalaia quilombensis
20%
6.0 tons Chilantaisaurus tasuikouensis
9%
5.7 tons Taurovenator violante
7%
No matching quizzes found
Score Distribution
Percent of People with Each Score
Percentile by Number Answered
Your Score History
You have not taken this quiz